|
|
|
|
| LEADER |
00000nam0a2200000 4500 |
| 001 |
154523 |
| 005 |
20231101221755.0 |
| 010 |
|
|
|a 5851291753
|
| 035 |
|
|
|a (RuTPU)RU\TPU\book\167614
|
| 090 |
|
|
|a 154523
|
| 100 |
|
|
|a 20090302d2008 m y0rusy50 ca
|
| 101 |
0 |
|
|a rus
|
| 102 |
|
|
|a RU
|
| 105 |
|
|
|a y j 001zy
|
| 200 |
1 |
|
|a Защита информации
|e учебно-методическое пособие
|f В. В. Арутюнов
|
| 210 |
|
|
|a Москва
|c Либерия-Бибинформ
|d 2008
|
| 215 |
|
|
|a 56 с.
|
| 225 |
1 |
|
|a Библиотекарь и время. XXI век
|
| 320 |
|
|
|a Термины и определения: с. 51-53.
|
| 330 |
|
|
|a Предлагаемое пособие по курсу «Информационная безопасность и защита информации» разработано в соответствии с «Доктриной информационной безопасности РФ», федеральными законами и рядом других законодательных и нормативно-технических документов. Учебный план курса рассчитан на один семестр. Данный курс прошел успешную апробацию в 2002—2007 учебных годах в Московском государственном университете культуры и искусств (МГУКИ) для студентов, обучающихся по специальности «Компьютерные технологии в библиотечных и информационных системах». Курс разработан на кафедре информационных технологий и электронных библиотек МГУКИ.Пособие предназначено для преподавателей и студентов, специалистов информационной сферы, для библиотек всех систем и ведомств.
|
| 606 |
1 |
|
|a Информационная безопасность
|x Правовой аспект
|2 stltpush
|3 (RuTPU)RU\TPU\subj\67411
|9 83224
|
| 606 |
1 |
|
|a Электронные библиотеки
|2 stltpush
|3 (RuTPU)RU\TPU\subj\67969
|9 83536
|
| 610 |
1 |
|
|a библиотеки
|
| 610 |
1 |
|
|a библиотечное дело
|
| 610 |
1 |
|
|a информация
|
| 610 |
1 |
|
|a защита
|
| 610 |
1 |
|
|a Российская Федерация
|
| 610 |
1 |
|
|a федеральные законы
|
| 610 |
1 |
|
|a информационные технологии
|
| 610 |
1 |
|
|a учебные пособия
|
| 686 |
|
|
|a Х628.11я73
|v LBC/SL-A
|2 rubbk
|
| 686 |
|
|
|a Ч738я73
|v LBC/SL-A
|2 rubbk
|
| 700 |
|
1 |
|a Арутюнов
|b В. В.
|g Валерий Вагаршакович
|
| 801 |
|
1 |
|a RU
|b 63413507
|c 20090302
|g PSBO
|
| 801 |
|
2 |
|a RU
|b 63413507
|c 20180123
|g PSBO
|
| 942 |
|
|
|c BK
|
| 959 |
|
|
|a 30/20090218
|d 1
|e 165,44
|f НМО:1
|